| 000 | 00936nam a22002177a 4500 | ||
|---|---|---|---|
| 999 |
_c12214 _d12214 |
||
| 003 | AR-CdUCM | ||
| 008 | 190408b ||||| |||| 00| 0 spa d | ||
| 040 |
_aMUNICIPALIDAD PROVINCIAL DEL CUSCO _cBIBLIOTECA MUNICIPAL DEL CUSCO |
||
| 041 | _heng | ||
| 082 |
_a122.4 / _bH921 / 1945 _22ed. |
||
| 100 |
_aHume, David _914466 |
||
| 245 |
_aInvestigación sobre el entendimiento humano : _bEstudio preliminar de Francisco Romero sobre Hume y el problema de la causalidad / |
||
| 260 |
_aBuenos Aires : _bLosada, _c1945. |
||
| 300 |
_a240 páginas ; _c20 cm. |
||
| 505 | _aContenido: De las diferencias clases de filosofía -- Del origen de las ideas -- De la asociación de las ideas -- Dudas escépticas sobre las operaciones del entendimiento ... | ||
| 650 |
_aConocimiento _95704 |
||
| 650 |
_aTeoría de la Causalidad _929960 |
||
| 700 |
_aVásquez, Juan Adolfo (traductor) _929764 |
||
| 942 |
_2ddc _cLIBROS |
||
| 945 |
_acmm _d2019-04-08 |
||